Catálogo de las principales especies de peces ornamentales de Colombia : (Registro nro. 8252)
[ vista simple ]
| 000 -CABECERA | |
|---|---|
| Campo de control | 01040nam a22002417a 4500 |
| 005 - FECHA Y HORA DE LA ULTIMA TRANSACCION | |
| Campo de control | 20180412115939.0 |
| 008 - ELEMENTOS DE LONGITUD FIJA—INFORMACION GENERAL | |
| Campo de control | 090917s2005 ck ao grc 000 0 spa d |
| 020 ## - ISBN | |
| ISBN | 9583383813 |
| 040 ## - FUENTE DE CATALOGACIÓN | |
| Agencia catalogadora original | CO-BoIAVH |
| Agencia transcriptora | CO-BoIAVH |
| 041 ## - IDIOMA | |
| Código de idioma para texto/pista de sonido o título separado | Español |
| 044 ## - PAÍS DE PUBLICACIÓN | |
| País de publicación | Colombia |
| 082 04 - NUMERO DE CLASIFICACION DECIMAL DEWEY | |
| Número de clasificación | 639.34 |
| Número del ítem | S197c |
| 100 1# - ASIENTO PRINCIPAL--NOMBRE PERSONAL | |
| Nombre personal | Sanabria-Ochoa, Ana Isabel |
| 9 (RLIN) | 19093 |
| 245 10 - MENCION DE TITULO | |
| Título | Catálogo de las principales especies de peces ornamentales de Colombia : |
| Parte restante del título | especies de interés comercial / |
| Mención de responsabilidad | Ana Isabel Ochoa ; fotografía Jairo Vergara, Miguel Angel Landines Parra, Germán Galvis Guevara. |
| 260 3# - PUBLICACION, DISTRIBUCION, ETC. (PIE DE IMPRENTA) | |
| Lugar de publicación, distribución, etc. | Bogotá |
| Nombre del editor, distribuidor, etc. | Instituto Colombiano de Desarrollo Rural - INCODER |
| Fecha de publicación, distribución, etc. | 2005 |
| 300 ## - DESCRIPCION FISICA | |
| Extensión | 70 p. : |
| Otros detalles físicos | il., fots. ; |
| Dimensiones | 28 cm. |
| 650 #6 - ASIENTO SECUNDARIO DE MATERIA - TERMINO TEMATICO | |
| Término temático o nombre geográfico como elemento de entrada | Peces ornamentales |
| Subdivisión general | Clasificación |
| Subdivisión geográfica | Colombia |
| Subdivisión de forma | Catálogos. |
| 9 (RLIN) | 90843 |
| 650 #6 - ASIENTO SECUNDARIO DE MATERIA - TERMINO TEMATICO | |
| Término temático o nombre geográfico como elemento de entrada | Peces de acuarios |
| Subdivisión general | Clasificación |
| Subdivisión geográfica | Colombia |
| Subdivisión de forma | Catálogos. |
| 9 (RLIN) | 90844 |
| 700 1# - ASIENTO SECUNDARIO - NOMBRE PERSONAL | |
| Nombre personal | Beltrán-Galeano, Isabel Cristina |
| Término de relación | ed. |
| 9 (RLIN) | 18431 |
| 700 1# - ASIENTO SECUNDARIO - NOMBRE PERSONAL | |
| Nombre personal | Daza, Piedad Victoria |
| Término de relación | ed. |
| 9 (RLIN) | 18442 |
| 700 1# - ASIENTO SECUNDARIO - NOMBRE PERSONAL | |
| Nombre personal | Landines Parra, Miguel Angel |
| Término de relación | ed. |
| 9 (RLIN) | 19226 |
| 942 ## - ELEMENTOS ADICIONALES (KOHA) | |
| Sistema de clasificación | Dewey Decimal Classification |
| Tipo de ítem | Impreso |
| Withdrawn status | Lost status | Sistema de Clasificación | Damaged status | No para préstamo | Colección | Inventariado | Ubicación Permanente | Ubicación actual | Fecha de adquisición | Fuente de Valor | Valor | Total Checkouts | Número topográfico | Inventario / Código de Barras | Date last seen | Ejemplar | Price effective from | Forma de adquisición | Tipo de material |
|---|---|---|---|---|---|---|---|---|---|---|---|---|---|---|---|---|---|---|---|
| Dewey Decimal Classification | General | Inventariado 2017 | Bogotá | Bogotá | 10/03/2014 | Instituto | 25000.00 | LB-639.34 S197c | 059944 | 10/03/2014 | Ej. 1 | 10/03/2014 | Canje | Libro | |||||
| Dewey Decimal Classification | General | Bogotá | Bogotá | 12/04/2018 | Instituto | 25000.00 | LB-639.34 S197c | 043554 | 12/04/2018 | Ej. 2 | 12/04/2018 | Donación | Libro |